| 000 | 00565nam a22001937a 4500 | ||
|---|---|---|---|
| 999 |
_c10460 _d10460 |
||
| 003 | AR-CdUCM | ||
| 008 | 190401b ||||| |||| 00| 0 spa d | ||
| 040 |
_aMUNICIPALIDAD PROVINCIAL DEL CUSCO _cBIBLIOTECA MUNICIPAL DEL CUSCO |
||
| 082 |
_a869.56 / _bM22 / 1966 |
||
| 245 |
_aA la luz de la poesia : _bManifestó de los cuatro / |
||
| 260 | _c1966. | ||
| 300 |
_a32 paginas ; _bIlustraciones, _c20 cm. |
||
| 505 | _aContenido : Poesia | ||
| 650 |
_aPoesia _91598 |
||
| 650 |
_aEnsayos _9375 |
||
| 650 |
_aLiteratura _983 |
||
| 942 |
_2ddc _cLIBROS |
||
| 945 | _awnts | ||